| 000 | 00589nam a2200217Ia 4500 | ||
|---|---|---|---|
| 003 | GCL | ||
| 008 | 140319s9999 xx 000 0 eng d | ||
| 040 |
_aGCL / _cGCL |
||
| 082 | 0 | 4 |
_a780.946 _bD H |
| 100 | 1 | _aDELA CUESTA ISMAEL | |
| 245 | 1 | 0 |
_aISMAEL FERNARDEZ DE LA CUESTA HISTORIA DE LA MUSICA ESPANOLA / _cDELA CUESTA ISMAEL |
| 700 | 1 | _aLOPEZ DE DA ABA PABLO | |
| 260 |
_a[S.N] : _bALIANZA EDITORIAL ، _c1988 |
||
| 300 | _a366 P | ||
| 650 | 0 | 4 | _aSPANISH MUSIC |
| 650 | 0 | 4 | _aARTS |
| 650 | 0 | 4 | _aMUSIC |
| 650 | 0 | 4 | _aMUSIC - HISTORY |
| 650 | 0 | 4 | _aMUSIC - SPAIN |
| 942 |
_2ddc _cBK |
||
| 999 |
_c14204 _d14204 |
||